Fast Typing with Moving Text - Statistics

General Stats
  • This quiz has been taken 359 times
  • The average score is 36 of 48
Answer Stats
Hint Answer % Correct
The wind was a torrent of darkness among the gusty trees. The moon was a ghostly galleon tossed upon cloudy seas. The road was a ribbon of moonlight over the purple moor, And the highwayman came riding—riding—riding—The highwayman came riding, up to the old inn-door. The
100%
wind
97%
was
94%
a
93%
torrent
93%
of
92%
darkness
91%
among
90%
the
90%
gusty
88%
trees.
87%
moon
86%
The
86%
was
85%
a
84%
ghostly
83%
galleon
82%
tossed
81%
upon
81%
cloudy
78%
road
77%
seas.
77%
The
77%
a
76%
of
76%
ribbon
76%
was
76%
moonlight
75%
over
73%
the
72%
And
71%
moor,
71%
purple
71%
the
71%
came
68%
highwayman
68%
riding—
68%
riding—
66%
riding—
63%
The
61%
highwayman
57%
came
56%
riding,
54%
to
53%
up
53%
the
51%
old
49%
inn-door.
44%
No matching quizzes found
Score Distribution
Percent of People with Each Score
Percentile by Number Answered
Your Score History
You have not taken this quiz